LEADER 01086nam 2200373 450 001 9910165099803321 005 20230808193811.0 010 $a1-5040-3798-7 035 $a(CKB)3710000000730916 035 $a(MiAaPQ)EBC4542983 035 $a(EXLCZ)993710000000730916 100 $a20160713d2016 uy| 1 101 0 $aeng 135 $aurcnu|||||||| 181 $2rdacontent 182 $2rdamedia 183 $2rdacarrier 200 14$aThe laughing man /$fRichard Forrest writing as Stockton Woods 210 1$aNew York :$cMysteriousPress.com/Open Road Integrated Media,$d2016. 215 $a1 online resource (134 pages) 606 $aSuspense fiction 606 $aDetective and mystery stories 606 $aMilitary deserters$vFiction 615 0$aSuspense fiction. 615 0$aDetective and mystery stories. 615 0$aMilitary deserters 700 $aForrest$b Richard$01374144 801 0$bMiAaPQ 801 1$bMiAaPQ 801 2$bMiAaPQ 906 $aBOOK 912 $a9910165099803321 996 $aThe laughing man$93410767 997 $aUNINA